| 000 | 00531nam a2200193Ia 4500 | ||
|---|---|---|---|
| 003 | GCL | ||
| 008 | 140319s9999 xx 000 0 eng d | ||
| 040 |
_aGCL / _cGCL |
||
| 082 | 0 | 4 |
_a726.2 _bR T |
| 100 | 1 | _aROSTEM, OSMAN R | |
| 245 | 1 | 0 |
_aTHE ARCHITECTURE OF THE MOSQUE OF SULTAN HASAN / _cROSTEM, OSMAN R |
| 260 |
_a[S.N] : _bBEIRUT ARAB UNIVERSITY ، _c1970 |
||
| 300 | _a65 P | ||
| 490 |
_aBEIRUT ARAB UNIVERSITY _v0 |
||
| 650 | 0 | 4 | _aMOSQUES |
| 650 | 0 | 4 | _aSULTAN HASAN MOSQUE |
| 650 | 0 | 4 | _aCAIRO, MOSQUES |
| 942 |
_2ddc _cBK |
||
| 999 |
_c19650 _d19650 |
||